000 00460nam a2200169 4500
001 15897
010 _a9789899104181
021 _b524327/23
090 _a15897
100 _a20240314d2023 m y0pory50030103ba
200 1 _aTerena em sketch
_elugares de nós
_fCarlos Ramos Fidalgo
205 _a1ª ed.
210 9 _aÉvora
_cCaminho das Palavras,
_d2023
215 _a79, [3] p.
_cil.
_d24 cm
700 1 _aFidalgo,
_bCarlos Ramos,
_f1976-
801 0 _aPT
_bBN
_gRPC
990 _cLIVROS